Vedecké práce Výskumného ústavu pôdoznalectva a výživy rastlín v Bratislave 11

Salvato in:
Dettagli Bibliografici
Natura: Libro
Lingua:slovacco
Pubblicazione: Bratislava Príroda 1981
Tags: Aggiungi Tag
Nessun Tag, puoi essere il primo ad aggiungerne!!

MARC

LEADER 00000nam a2200000 4500
001 c131148
005 20250702080602.9
041 0 |a slo 
044 |a SK 
245 1 0 |a Vedecké práce Výskumného ústavu pôdoznalectva a výživy rastlín v Bratislave 11 
264 1 |a Bratislava  |b Príroda  |c 1981 
300 |a 141 s.